[Event "Pan American Intercollegiate-chT"]
[Site "Charlotte"]
[Date "2025.01.02"]
[Round "1.4"]
[White "Raja, Harshit"]
[Black "Bensky, Zachary"]
[Result "1-0"]
[WhiteElo "2482"]
[BlackElo "1848"]
[PlyCount "99"]
[EventDate "2025.01.02"]
[EventType "team-swiss"]
[EventRounds "6"]
[EventCountry "USA"]
[SourceTitle "CB02_2025"]
[SourceDate "2025.01.08"]
[SourceVersion "1"]
[SourceVersionDate "2025.01.08"]
[SourceQuality "1"]
[WhiteTeam "Missouri Univ"]
[BlackTeam "Beown Univ"]
[WhiteTeamCountry "USA"]
[BlackTeamCountry "USA"]

1. e4 c5 2. Nf3 Nc6 3. Bb5 e6 4. Bxc6 bxc6 5. b3 Ne7 6. Bb2 d6 7. e5 Ng6 8. d3 Nxe5 9. Nxe5 dxe5 10. Qh5 Be7 11. Nd2 0-0 12. 0-0-0 Qd5 13. Qxe5 Bf6 14. Qe3 Bxb2+ 15. Kxb2 Rb8 16. Ne4 c4 17. Nf6+ gxf6 18. Qg3+ Kh8 19. Qxb8 Qd4+ 20. Kb1 c3 21. Rde1 Rd8 22. Qc7 Ba6 23. Re4 Qd5 24. Qxf7 Bxd3 25. Qxf6+ Kg8 26. Qxe6+ Kh8 27. Qxd5 cxd5 28. Re3 Bg6 29. Rxc3 d4 30. Rd1 Rd7 31. Rc4 d3 32. cxd3 Re7 33. Kb2 Kg7 34. Rd2 Kf6 35. d4 Rd7 36. Rc6+ Kf7 37. d5 Be4 38. f3 Bxd5 39. Rc5 Ke6 40. Rdxd5 Rxd5 41. Rxd5 Kxd5 42. Kc3 Kc5 43. g4 Kd5 44. Kd3 Ke5 45. Ke3 Kd5 46. h4 Ke5 47. h5 h6 48. f4+ Kf6 49. b4 Ke6 50. a4 1-0